LEADER 01847nas 2200637-a 450 001 996217563003316 005 20230215213018.0 011 $a1601-0825 035 $a(DE-599)ZDB2008428-6 035 $a(OCoLC)47858839 035 $a(CKB)954925618110 035 $a(CONSER)--2001242200 035 $a(EXLCZ)99954925618110 100 $a20010828a19959999 s-- - 101 0 $aeng 135 $aurcn||||||||| 181 $ctxt$2rdacontent 182 $cc$2rdamedia 183 $acr$2rdacarrier 200 10$aOral diseases 210 $a[Copenhagen] $cMunksgaard 210 3 $a[Hoboken, NJ] $cJohn Wiley & Sons Ltd 215 $a1 online resource 300 $aRefereed/Peer-reviewed 311 $a1354-523X 531 $aORAL DIS 606 $aMouth$xDiseases$xResearch$vPeriodicals 606 $aMouth$xDiseases 606 $aMouth Diseases 606 $aBouche$xMaladies$xRecherche$vPériodiques 606 $aBouche$xMaladies 606 $aMouth$xDiseases$2fast$3(OCoLC)fst01028442 606 $aBouche$2rasuqam 606 $aMaladie$2rasuqam 606 $aStomatologie$2rasuqam 608 $aPeriodical 608 $aperiodicals.$2aat 608 $aPeriodicals.$2fast 608 $aPeriodicals.$2lcgft 608 $aPériodique électronique (Descripteur de forme)$2rasuqam 608 $aRessource Internet (Descripteur de forme)$2rasuqam 608 $aPériodiques.$2rvmgf 615 0$aMouth$xDiseases$xResearch 615 0$aMouth$xDiseases. 615 2$aMouth Diseases 615 6$aBouche$xMaladies$xRecherche 615 6$aBouche$xMaladies. 615 7$aMouth$xDiseases. 615 7$aBouche. 615 7$aMaladie. 615 7$aStomatologie. 676 $a617.522 906 $aJOURNAL 912 $a996217563003316 996 $aOral diseases$9790023 997 $aUNISA LEADER 02562nas 2200745-a 450 001 996205071303316 005 20240130213016.0 011 $a1618-727X 035 $a(DE-599)ZDB2080328-X 035 $a(OCoLC)49930759 035 $a(CKB)954925561568 035 $a(CONSER)--2002229022 035 $a(EXLCZ)99954925561568 100 $a20020605b19882023 --- - 101 0 $aeng 135 $aurcnu|||||||| 181 $ctxt$2rdacontent 182 $cc$2rdamedia 183 $acr$2rdacarrier 200 10$aJournal of digital imaging 210 $aNew York, N.Y. $cSpringer-Verlag 300 $aRefereed/Peer-reviewed 300 $aTitle from journal information screen (viewed June 5, 2002). 311 $a0897-1889 517 1 $aJDI 531 $aJ DIGITAL IMAGING 531 $aJ DIGIT IMAGING 531 $aJ DIGIT IM 531 $aJ. DIGIT. IMAGING 531 0 $aJ. digit. imaging 606 $aMedical radiology$xData processing$vPeriodicals 606 $aDiagnosis, Radioscopic$xData processing$vPeriodicals 606 $aImage processing$xDigital techniques$vPeriodicals 606 $aComputer Systems 606 $aRadiographic Image Enhancement 606 $aRadiology Information Systems 606 $aDiagnosis, Radioscopic$xData processing$2fast$3(OCoLC)fst00892330 606 $aImage processing$xDigital techniques$2fast$3(OCoLC)fst00967508 606 $aMedical radiology$xData processing$2fast$3(OCoLC)fst01088285 606 $aRadiologia mèdica$2thub 606 $aProcessament d'imatges$2thub 606 $aImatges mèdiques$2thub 608 $aPeriodical 608 $aPeriodicals.$2fast 608 $aPeriodicals.$2lcgft 608 $aRevistes electròniques.$2thub 615 0$aMedical radiology$xData processing 615 0$aDiagnosis, Radioscopic$xData processing 615 0$aImage processing$xDigital techniques 615 2$aComputer Systems 615 2$aRadiographic Image Enhancement 615 2$aRadiology Information Systems 615 7$aDiagnosis, Radioscopic$xData processing. 615 7$aImage processing$xDigital techniques. 615 7$aMedical radiology$xData processing. 615 7$aRadiologia mèdica. 615 7$aProcessament d'imatges. 615 7$aImatges mèdiques. 676 $a616 712 02$aSociety for Computer Applications in Radiology, 712 02$aSociety for Imaging Informatics in Medicine, 906 $aJOURNAL 912 $a996205071303316 996 $aJournal of digital imaging$92265954 997 $aUNISA